000 00886nam a22002057a 4500
999 _c7004
_d7004
003 AR-CdUCM
008 190319b ||||| |||| 00| 0 spa d
040 _aMUNICIPALIDAD PROVINCIAL DEL CUSCO
_cBIBLIOTECA MUNICIPAL DEL CUSCO
082 _a624 /
_b M33
100 _aMcCormac, Jack C.
_919739
245 _aDiseño de Estrcuturas Metalicas /
260 _aMéxico :
_bRepresentacione sy servicios de ingenieria ,
_c1972.
300 _a789 páginas ;
_c22.9 cm.
505 _aContenido : Introduccion al diseño de estructuras de acero -- Propiedades del Acero Estructural -- Mienbros sujetos a Tension -- Introduccion a los mienbros sujetos a compresion -- Diseño de Miembros sujetos a Comprension...
650 _aEstrucuturas y Resistencia
_919740
650 _aEstructuras Metalicas
_919741
650 _aConstruccion y Estructuras
_919596
942 _2ddc
_cLIBROS
945 _artm